00755 2200253 4500001002100000005001500021035002000036007000300056008004100059020002200100082001000122084001600132100002000148245011900168250001000287260004500297300002600342500005300368650002100421700001700442700002000459990001100479990001100490INLIS00000000000355820190625064253 a0010-0619000102ta190625 g 0 ind  a978-602-5806-03-2 a297.1 a297.1 IMA a0 aIMAM, An-Nawawi1 aAt-Tibyan :bAdab Berinteraksi dengan Al-Qur'an /cImam An-Nawawi; penerjemah, Agus Ma'mun; editor, Ayman Abdillah acet.1 aDepok :bPustaka Khazanah Fawa'id,c2018 axii, 292 hlm ;c24 cm aJudul asli: At- Tibyan fi Adabi Hamalatil Qur'an 4aISLAM. AL-QUR'AN0 aAGUS, Ma'mun0 aAYMAN, Abdillah a6838 a a6838 b